00485 a2200157 4500001000700000020000600007040001100013100002400024240006800048245006300116362000900179697001100188942000700199952010200206999001900308168890 a  cMagnum aRojo, Roxane (Org.)10aA pratica da linguagem em sala de aula: praticando os pcnslpor10aA pratica da linguagem em sala de aula: praticando os pcns0 a1899 aENSINO cBK 00104070a32.5b32.5d2024-06-08l0oLI.08042pMAG00013433r2024-06-08 20:41:20w2024-06-08yBK c168890d168890